| 000 | 00890 a2200217 4500 | ||
|---|---|---|---|
| 003 | Nust | ||
| 005 | 20240102143054.0 | ||
| 010 | _a 81013253 | ||
| 020 | _a0030569028 | ||
| 040 | _cNust | ||
| 082 | 0 | 0 | _a005.1,GIL |
| 100 | 1 |
_aGillett, Will D. _9119824 |
|
| 245 | 1 | 3 |
_aAn introduction to engineered software / _cWill D. Gillett, Seymour V. Pollack. |
| 260 |
_aNew York : _bHolt, Rinehart, and Winston, _c1982. |
||
| 300 |
_ax, 322 p. : _bill. ; _c24 cm. |
||
| 440 | 0 |
_aHRW series in computer science _9119825 |
|
| 505 | _aPrograms as Products (Page-1), The Structured Design Process (Page-19), Case Study-A Design (Page-59), Structured Programming (Page-137), Case Study –an Implementation (Page-161), Modular Program Philosophy (Page-213), The Design of Program Modules (Page-239). | ||
| 650 | 0 | _aComputer programming. | |
| 700 | 1 |
_aPollack, Seymour V. _9119826 |
|
| 942 |
_2ddc _cBK |
||
| 999 |
_c176522 _d176522 |
||